|
|
|
|
| LEADER |
00000nam0a2200000 4500 |
| 001 |
226106 |
| 005 |
20231101230717.0 |
| 010 |
|
|
|a 9785998402128
|
| 035 |
|
|
|a (RuTPU)RU\TPU\book\246472
|
| 090 |
|
|
|a 226106
|
| 100 |
|
|
|a 20121119d2011 k y0rusy50 ca
|
| 101 |
0 |
|
|a rus
|
| 102 |
|
|
|a RU
|
| 105 |
|
|
|a a z 001zy
|
| 200 |
1 |
|
|a Система неадаптивного распознавания образов в условиях ограниченного количества информации
|e монография
|f М. М. Рожков [и др.]
|g Владимирский государственный университет имени Александра Григорьевича и Николая Григорьевича Столетовых (ВлГУ)
|
| 210 |
|
|
|a Владимир
|c Изд-во ВлГУ
|d 2011
|
| 215 |
|
|
|a 120 с.
|c ил.
|
| 320 |
|
|
|a Библиогр.: с. 111-119.
|
| 330 |
|
|
|a В монографии затрагивается проблема распознавания образов по единственному изображению. Дается краткий обзор существующих алгоритмов распознавания и отмечаются их недостатки. Предлагается оригинальная модель системы распознавания образов по единственному эталонному изображению. Детально описывается математический аппарат модели, используемые алгоритмы и их взаимодействие в рамках системы распознавания. Проводится исследование работы предложенной системы и её сравнение с другими алгоритмами.
|
| 606 |
1 |
|
|a Распознавание образов
|x Информационные технологии
|2 stltpush
|3 (RuTPU)RU\TPU\subj\53436
|9 71694
|
| 610 |
1 |
|
|a лица
|
| 610 |
1 |
|
|a автоматическое распознавание
|
| 610 |
1 |
|
|a системы
|
| 610 |
1 |
|
|a описание
|
| 610 |
1 |
|
|a экспериментальные исследования
|
| 610 |
1 |
|
|a проектирование
|
| 610 |
1 |
|
|a испытание
|
| 610 |
1 |
|
|a монографии
|
| 675 |
|
|
|a 004.93'1
|v 4
|
| 701 |
|
1 |
|a Рожков
|b М. М.
|g Максим Михайлович
|
| 701 |
|
1 |
|a Прокошев
|b В. Г.
|g Валерий Григорьевич
|
| 701 |
|
1 |
|a Аракелян
|b С. М.
|g Сергей Мартиросович
|
| 701 |
|
1 |
|a Звягин
|b М. Ю.
|g Михаил Юрьевич
|
| 712 |
0 |
2 |
|a Владимирский государственный университет (ВлГУ)
|c (1996- )
|2 stltpush
|3 (RuTPU)RU\TPU\col\102
|
| 801 |
|
1 |
|a RU
|b 63413507
|c 20121119
|
| 801 |
|
2 |
|a RU
|b 63413507
|c 20171004
|g RCR
|
| 942 |
|
|
|c BK
|